Culture Générale en 10 courtes vidéos #17 - Statistiques

Statistiques générales
  • Ce quiz a été pris 42 fois
  • Le résultat moyen est 5 sur 10
Statistiques - réponses
Vidéo Question Réponse % Correct
Complète le nom du jeu vidéo en extrait : Mortal _ _ _ _ _ _ Kombat
92%
Complète le nom de l'organisation criminelle fictive de la série animée japonaise Pokémon ici en extrait : la Team _ _ _ _ _ _ Rocket
77%
Donne le nom de famille de cet homme politique : _ _ _ _ _ _ _ _ Hollande
64%
Donne le nom de l'émission de TV en deux mots d'où provient cet extrait : _ _ _ _ - _ _ _ _ _ _ _ Star Academy
62%
Donne le nom de famille du joueur qui fait la passe à Pavard sur ce but en 8e de finale de la coupe du Monde 2018 : _ _ _ _ _ _ _ _ _ Hernandez
56%
Donne le nom du télescope spatial conçu par la NASA avec une participation de l'Agence spatiale européenne, opérationnel depuis 1990, et orbitant à 515 km d'altitude environ : _ _ _ _ _ _ Hubble
49%
Complète le nom du film dont voici un extrait : Les _ _ _ _ _ _ _ _ _ Valseuses
46%
Si on suit la logique montrée dans cet extrait, quel sera le prochain nombre en bleu ? 14, 15, 16, 17 ou 18 ? (question éliminatoire mettant fin au quiz) 17
36%
Quel est le nom de famille de l'homme qui remporte cette parodie de course d'Athlétisme (sous le nom de Jean-Claude Poupon dans le sketch) ? Bourdon
28%
Complète le nom de la série TV en VO dont voici un extrait du générique : Masters of _ _ _ _ _ _ Horror
5%
Aucun quiz correspondant
Distribution des résultats
% des personnes avec chaque résultat
Percentile par nombre de réponses
Votre historique - résultats
Vous n’avez pas pris ce quiz